Ecole du mecanisme: 15 etudes Op. 120 piano

Gorde:
Xehetasun bibliografikoak
Egile nagusia: Duvernoy, Victor Alfonso (Egilea)
Formatua: Partitura Liburua
Hizkuntza:ingelesa
Argitaratua: Londres Augener 1949
Saila:Augener's Edition, 8123
Gaiak:
Etiketak: Etiketa erantsi
Etiketarik gabe, Izan zaitez lehena erregistro honi etiketa jartzen!

MARC

LEADER 00000ncm a2200000 a 4500
001 UCN5537
003 CL-VaPUC
005 20250325095626.0
008 010907e19490000UK |||||||||||||||||eng|d
999 |c 296941  |d 296939 
040 |c Pontificia Universidad Católica de Valparaíso 
082 0 4 |a Pn786.2193 DUV 1949  |2 21 
100 |a Duvernoy, Victor Alfonso  |e author  |9 461431 
245 1 0 |a Ecole du mecanisme: 15 etudes Op. 120 piano 
260 |a Londres  |b Augener  |c 1949 
300 |a 35 p 
490 0 |a Augener's Edition, 8123 
583 |a last modification  |c 20010907 00:00:00  |k Rodrigo Vera 
650 0 |a Piano  |x Estudio e instrucción  |9 325053 
650 0 |a Piano, ejercicios y estudio  |9 328974 
650 0 |a Piano  |x Técnicas de ejecución  |9 328975 
942 |c BK  |2 ddc 
945 |d 20010907 00:00:00  |a lriquelm 
952 |0 0  |1 0  |2 ddc  |4 0  |6 PN_786_219300000000000_DUV_1949  |7 0  |8 F  |9 351247  |a BIBEDU  |b BIBEDU  |d 2019-11-21  |i 1166271  |o Pn786.2193 DUV 1949  |p 1166271  |r 2023-11-22  |w 2019-11-21  |y PA  |k MUS